000 00378nam a22001697a 4500
003 UA-OsUOA
001 5910
007 ta
008 20050721b un ||||| |||| 00| 0 ukr d
100 _aAlptekin
700 _aPeggy
942 _cBK
040 _aUA-OsUOA
_cUA-OsUOA
_dUA-OsUOA
245 _aWow! Grammar and Practice. Book 2.
_bEnglish Practice
955 _a2
650 7 _2UDC
999 _c292072
_d292072